000 01458nam a22002177a 4500
999 _c194808
_d194808
005 20230321170223.0
010 _aB-748961-975
020 _c750.00
_a9788195650231
035 _aB-748961-975
037 _bअक्षरेष प्रकाशन
082 _a954
100 _aक्रोनिकल सम्पादकीय समूह
245 _aवैकल्पिक इतिहासः
_bसिविल सेवा के प्रठ्यक्रम पर आधारित /
_cएन.एन. ओझा एवं क्रोनिकल सम्पादकीय समूह
_hहिंदी
246 _avastunisth bhartiya itihas:vaikalpic visay/
_bvaikalpic visay
260 _aनोएडा
_bक्रोनिक्ल पब्लिकेशंस प्रा. लि.
_c2023
270 _aए-27 डी,सेक्टर-16
_bनोएडा
_e201301
300 _a783 पृ
_c27सेमी(अजिल्द)
700 _aक्रोनिकल सम्पादकीय समूह
942 _2ddc
_cHN
_h954
_mक्रोनिक